Diseño, construcción y experimentación con un manómetro de presión de vapor para la medición de la actividad de agua
Salvato in:
| Autore principale: | |
|---|---|
| Natura: | Libro |
| Pubblicazione: |
San José, C.R.
1998
|
| Soggetti: | |
| Tags: |
Aggiungi Tag
Nessun Tag, puoi essere il primo ad aggiungerne!!
|
MARC
| LEADER | 00000nam a2200000Ia 4500 | ||
|---|---|---|---|
| 003 | 008508 | ||
| 005 | 20221231144223.0 | ||
| 008 | 140114s1998 cr a m 000 ||sp d | ||
| 040 | |c cru CEDI | ||
| 090 | |a TFG 3869 | ||
| 100 | |a Sequeira Tückler, Eduardo |9 5988 | ||
| 245 | |a Diseño, construcción y experimentación con un manómetro de presión de vapor para la medición de la actividad de agua | ||
| 260 | |c 1998 |a San José, C.R. | ||
| 300 | |a xiii, 101 hojas : ilustraciones | ||
| 500 | |a Proyecto de graduación(licenciatura en ingeniería química)--Universidad de Costa Rica. Facultad de Ingeniería. Escuela de Ingeniería Química | ||
| 650 | |x VAPOR - APARATOS Y ACCESORIOS |x MAMOMETROS DE PRESION DE VAPOR |x AGUA - MEDIDORES |9 9037 | ||
| 942 | |c TFG | ||
| 999 | |c 18644 |d 18644 | ||
